000
00301nam a22001337a 4500
008
170713b xxu||||| |||| 00| 0 eng d
020
_a
9781603864145
041
_a
eng
080
_a
101
100
_a
24
101
_a
FIL
245
_a
PRAGMATISM & THE MEANING OF TRUTH
_c
JAMES, W
942
_2
udc
_c
BK
999
_c
20646
_d
20646